[Event "SRB-chT2 East"]
[Site "Serbia"]
[Date "2018.09.08"]
[Round "3.13"]
[White "Ugrenovic, Bozidar"]
[Black "Gajovic, Dragan"]
[Result "1/2-1/2"]
[WhiteElo "2228"]
[BlackElo "2140"]
[PlyCount "118"]
[EventDate "2018.09.07"]
[EventType "team-tourn"]
[EventRounds "11"]
[EventCountry "SRB"]
[SourceTitle "EXT 2021"]
[Source "ChessBase"]
[SourceDate "2020.10.23"]
[SourceVersion "1"]
[SourceVersionDate "2020.10.23"]
[SourceQuality "1"]
[WhiteTeam "Majdanpek"]
[BlackTeam "Cuprija Radnicki"]
[WhiteTeamCountry "SRB"]
[BlackTeamCountry "SRB"]

1. Nf3 c5 2. c4 Nf6 3. Nc3 Nc6 4. d4 cxd4 5. Nxd4 g6 6. e4 Bg7 7. Be3 Qa5 8. Nb3 Qd8 9. Be2 d6 10. 0-0 Be6 11. f3 0-0 12. Qd2 Rc8 13. Nd5 Re8 14. Rac1 Qd7 15. Rfd1 b6 16. Bf1 Qb7 17. Rc2 Nd7 18. Nf4 Nc5 19. Nc1 a5 20. Nxe6 Nxe6 21. Qf2 Rb8 22. Rcd2 Rec8 23. Ne2 Ne5 24. b3 Nc5 25. Nd4 a4 26. Rb1 axb3 27. axb3 Ra8 28. Nb5 Ra6 29. b4 Ncd7 30. Rc2 Rca8 31. h3 Ra1 32. Rxa1 Rxa1 33. Ra2 Nd3 34. Qd2 Rxa2 35. Qxa2 Nxb4 36. Qa7 Qxa7 37. Nxa7 Nc2 38. Bd2 Bd4+ 39. Kh2 Bc5 40. Nc6 Kf8 41. Bd3 Nd4 42. Nxd4 Bxd4 43. Kg3 f6 44. f4 e5 45. Bc2 Nc5 46. Bb4 exf4+ 47. Kxf4 Be5+ 48. Kf3 Ne6 49. Ba4 Ke7 50. Bd2 Nc5 51. Bc6 Nb3 52. Be3 Bd4 53. Bh6 g5 54. Bd5 Be5 55. g3 Nd4+ 56. Kf2 Ne6 57. Kf3 Nf8 58. Bxf8+ Kxf8 59. g4 Ke7 1/2-1/2

[Event "EU-ch Amateur U2300"]
[Site "Niksic"]
[Date "2018.06.20"]
[Round "8"]
[White "Ugrenovic, Bozidar"]
[Black "Krstonijevic, Stjepan"]
[Result "0-1"]
[WhiteElo "2235"]
[BlackElo "2188"]
[PlyCount "98"]
[EventDate "2018.06.14"]
[EventType "swiss"]
[EventRounds "9"]
[EventCountry "MNE"]
[SourceTitle "CBM 185 Extra"]
[Source "ChessBase"]
[SourceDate "2018.07.29"]
[SourceVersion "1"]
[SourceVersionDate "2018.07.29"]
[SourceQuality "1"]

1. Nf3 c5 2. c4 Nc6 3. d4 cxd4 4. Nxd4 g6 5. e4 Bg7 6. Be3 Nf6 7. Nc3 d6 8. Be2 0-0 9. 0-0 Bd7 10. Qd2 Re8 11. f3 a6 12. Rab1 Ne5 13. Rfc1 Rb8 14. a4 Rc8 15. b3 Qa5 16. b4 Qd8 17. Qa2 Nc6 18. Nxc6 Bxc6 19. b5 Bd7 20. a5 Ra8 21. Na4 Be6 22. Nb6 Rb8 23. Qa3 Nd7 24. Rd1 Nxb6 25. Bxb6 Qc8 26. Rbc1 Bh6 27. Rc2 axb5 28. c5 b4 29. Qxb4 dxc5 30. Bxc5 Qc7 31. Bd3 Ra8 32. Bb6 Qe5 33. Bc7 Be3+ 34. Kh1 Qh5 35. Qxb7 Rec8 36. Bg3 Qxa5 37. Rxc8+ Rxc8 38. Qxe7 Qd2 39. Be2 Rc1 40. Qe8+ Kg7 41. Be5+ Kh6 42. Qf8+ Kh5 43. g4+ Bxg4 44. fxg4+ Kh4 45. Bf6+ Kh3 46. Bf1+ Kxg4 47. h3+ Kf3 48. Bc3 Qxd1 49. Qxf7+ Bf4 0-1

[Event "EU-ch Amateur U2300"]
[Site "Niksic"]
[Date "2018.06.19"]
[Round "7"]
[White "Ugrenovic, Bozidar"]
[Black "Zherebtsova, Alexandra"]
[Result "1/2-1/2"]
[WhiteElo "2235"]
[BlackElo "2195"]
[PlyCount "108"]
[EventDate "2018.06.14"]
[EventType "swiss"]
[EventRounds "9"]
[EventCountry "MNE"]
[SourceTitle "CBM 185 Extra"]
[Source "ChessBase"]
[SourceDate "2018.07.29"]
[SourceVersion "1"]
[SourceVersionDate "2018.07.29"]
[SourceQuality "1"]

1. Nf3 Nc6 2. d4 d5 3. c4 Bg4 4. cxd5 Bxf3 5. gxf3 Qxd5 6. e3 0-0-0 7. Nc3 Qh5 8. f4 Qxd1+ 9. Kxd1 e6 10. Bg2 Nce7 11. Ke2 Nf6 12. Bd2 Nf5 13. Rhc1 Kb8 14. a3 Nd5 15. Ne4 Nxf4+ 16. exf4 Nxd4+ 17. Ke1 Nb3 18. Be3 Nxa1 19. Rxa1 h6 20. h3 c6 21. Ke2 g6 22. Rc1 Bg7 23. Rc2 Bd4 24. b4 Rhe8 25. Nc5 e5 26. Nxb7 Kxb7 27. Bxc6+ Kb6 28. Bxe8 Rxe8 29. Bxd4+ exd4+ 30. Kd3 Rd8 31. Rc4 Rd5 32. Rxd4 Rh5 33. Kc4 Rxh3 34. a4 Kc6 35. b5+ Kc7 36. Kb4 a6 37. bxa6 Kb8 38. Rd7 f5 39. a7+ Ka8 40. Kb5 Rc3 41. Kb6 Rc8 42. Rh7 h5 43. a5 Re8 44. Kc5 Re6 45. Rg7 Ra6 46. Kd4 Rxa5 47. Rxg6 Kxa7 48. Rh6 Kb7 49. Rxh5 Kc6 50. Rh6+ Kd7 51. Ke3 Ra3+ 52. Ke2 Ke7 53. Rc6 Rb3 54. Kf1 Rb4 1/2-1/2

[Event "EU-ch Amateur U2300"]
[Site "Niksic"]
[Date "2018.06.16"]
[Round "4"]
[White "Ugrenovic, Bozidar"]
[Black "Olcum, Ahmet"]
[Result "0-1"]
[WhiteElo "2235"]
[BlackElo "2281"]
[PlyCount "72"]
[EventDate "2018.06.14"]
[EventType "swiss"]
[EventRounds "9"]
[EventCountry "MNE"]
[SourceTitle "CBM 185 Extra"]
[Source "ChessBase"]
[SourceDate "2018.07.29"]
[SourceVersion "1"]
[SourceVersionDate "2018.07.29"]
[SourceQuality "1"]

1. Nf3 d6 2. d4 g6 3. e4 Nf6 4. Bd3 Bg7 5. 0-0 0-0 6. Re1 Bg4 7. Nbd2 Nc6 8. c3 e5 9. h3 Bxf3 10. Nxf3 Nd7 11. Bb5 a6 12. Ba4 Qe7 13. Bg5 Bf6 14. Be3 Rfb8 15. Bc2 Nd8 16. Qd2 Ne6 17. Rad1 Rd8 18. Ba4 b5 19. Bb3 c5 20. Bd5 Rac8 21. dxe5 Nxe5 22. Qe2 c4 23. Nxe5 dxe5 24. a4 Nc5 25. axb5 axb5 26. Bxc5 Qxc5 27. Qf3 Rd6 28. Ra1 Rc7 29. Ra8+ Kg7 30. Rea1 Bg5 31. Re8 Rf6 32. Qg3 Rxf2 33. Kh1 Bf4 34. Qh4 Qe3 35. Rg8+ Kxg8 36. Qf6 Qa7 0-1

[Event "Paracin Winter op"]
[Site "Paracin"]
[Date "2018.02.02"]
[Round "5"]
[White "Puric, Momir"]
[Black "Ugrenovic, Bozidar"]
[Result "0-1"]
[WhiteElo "1861"]
[BlackElo "2250"]
[PlyCount "98"]
[EventDate "2018.01.30"]
[EventType "swiss"]
[EventRounds "9"]
[EventCountry "SRB"]
[SourceTitle "CBM 182 Extra"]
[Source "ChessBase"]
[SourceDate "2018.02.23"]
[SourceVersion "1"]
[SourceVersionDate "2018.02.23"]
[SourceQuality "1"]

1. e4 c5 2. Nf3 Nc6 3. Nc3 d6 4. Bc4 Nf6 5. h3 e6 6. d4 cxd4 7. Nxd4 a6 8. 0-0 Bd7 9. Be3 b5 10. Bd3 Be7 11. a3 0-0 12. Qe2 Qc7 13. f4 Na5 14. Nd1 Nc4 15. Bf2 e5 16. b3 Nb6 17. fxe5 dxe5 18. Nf3 Nh5 19. Ne3 Nf4 20. Qd2 Rfd8 21. Bg3 Ng6 22. Kh2 Be6 23. Ng4 f6 24. Nh4 Nxh4 25. Bxh4 Nd7 26. Qe3 Bxg4 27. hxg4 h6 28. Qf3 Nc5 29. b4 Nxd3 30. cxd3 Qd7 31. Rad1 Rac8 32. Rc1 a5 33. Kh1 a4 34. Kh2 Bf8 35. Kh1 Bd6 36. Kh2 Bb8 37. Bf2 Bd6 38. Be3 Bf8 39. Bb6 Re8 40. Kh1 Rxc1 41. Rxc1 Rc8 42. Rxc8 Qxc8 43. Qf5 Qxf5 44. gxf5 Bxb4 45. d4 Bxa3 46. Bc5 Bxc5 47. dxc5 a3 48. c6 a2 49. c7 a1Q+ 0-1

[Event "EU-ch Amateur U2300"]
[Site "Nis"]
[Date "2017.06.17"]
[Round "9"]
[White "Ugrenovic, Bozidar"]
[Black "Buyukasik, Diyap"]
[Result "0-1"]
[WhiteElo "2238"]
[BlackElo "2261"]
[PlyCount "56"]
[EventDate "2017.06.10"]
[EventType "swiss"]
[EventRounds "9"]
[EventCountry "SRB"]
[SourceTitle "EXT 2018"]
[Source "ChessBase"]
[SourceDate "2017.10.13"]
[SourceVersion "1"]
[SourceVersionDate "2017.10.13"]
[SourceQuality "1"]

1. Nf3 Nf6 2. c4 e6 3. g3 d5 4. Bg2 Be7 5. d4 0-0 6. 0-0 dxc4 7. Qa4 a6 8. Qxc4 b5 9. Qc2 Bb7 10. Bg5 Nbd7 11. Bxf6 Nxf6 12. Nbd2 Rc8 13. Nb3 Be4 14. Qd2 c5 15. dxc5 Bxc5 16. Nxc5 Rxc5 17. Rfc1 Rd5 18. Qc3 Qb6 19. b4 Rfd8 20. h3 h6 21. a3 Ra8 22. Rd1 Rad8 23. Rxd5 Bxd5 24. e3 Qb7 25. Ne1 Bxg2 26. Nxg2 Ne4 27. Qe5 Nxf2 28. Rf1 Nxh3+ 0-1

[Event "EU-ch Amateur U2300"]
[Site "Nis"]
[Date "2017.06.13"]
[Round "5"]
[White "Ugrenovic, Bozidar"]
[Black "Baglan, Esat"]
[Result "1-0"]
[WhiteElo "2238"]
[BlackElo "2285"]
[PlyCount "119"]
[EventDate "2017.06.10"]
[EventType "swiss"]
[EventRounds "9"]
[EventCountry "SRB"]
[SourceTitle "EXT 2018"]
[Source "ChessBase"]
[SourceDate "2017.10.13"]
[SourceVersion "1"]
[SourceVersionDate "2017.10.13"]
[SourceQuality "1"]

1. Nf3 d5 2. c4 d4 3. g3 g6 4. Bg2 Bg7 5. 0-0 e5 6. d3 Ne7 7. e3 0-0 8. exd4 exd4 9. b4 c5 10. bxc5 Na6 11. Ba3 Nc6 12. Nfd2 f5 13. f4 Be6 14. Nb3 Re8 15. Bb2 Bf8 16. Ba3 Bf7 17. Re1 Qd7 18. N1d2 Rxe1+ 19. Qxe1 Nab4 20. Bxb4 Nxb4 21. Ne4 fxe4 22. Qxb4 exd3 23. Qxb7 Rd8 24. Qxd7 Rxd7 25. c6 Rc7 26. Bd5 Kg7 27. Kf1 Bb4 28. Rd1 d2 29. Nxd2 Be8 30. Nf3 Bxc6 31. Nxd4 Bxd5 32. cxd5 Kf7 33. Nc6 Bd6 34. Rb1 h5 35. Rb7 Rxb7 36. Nd8+ Ke8 37. Nxb7 Bb4 38. d6 Kd7 39. Ke2 Kc8 40. d7+ Kxd7 41. Kd3 h4 42. Kc4 hxg3 43. hxg3 Be1 44. Nc5+ Ke7 45. Ne4 Ke6 46. g4 Ba5 47. Nc5+ Kf6 48. Kd5 Kf7 49. Ne4 Bc7 50. f5 gxf5 51. gxf5 Bf4 52. a4 Ke7 53. Kc6 Kf7 54. a5 Ke7 55. a6 Kf7 56. Kb7 Be3 57. Nc3 Bg1 58. Nb5 Kf6 59. Nxa7 Kxf5 60. Nc8 1-0

[Event "EU-ch Amateur U2300"]
[Site "Nis"]
[Date "2017.06.11"]
[Round "2"]
[White "Ugrenovic, Bozidar"]
[Black "Stanojevic, Ilija"]
[Result "1-0"]
[WhiteElo "2238"]
[BlackElo "2147"]
[PlyCount "93"]
[EventDate "2017.06.10"]
[EventType "swiss"]
[EventRounds "9"]
[EventCountry "SRB"]
[SourceTitle "EXT 2018"]
[Source "ChessBase"]
[SourceDate "2017.10.13"]
[SourceVersion "1"]
[SourceVersionDate "2017.10.13"]
[SourceQuality "1"]

1. Nf3 d5 2. c4 c6 3. b3 Bg4 4. Bb2 Nf6 5. g3 e6 6. Bg2 Bd6 7. 0-0 0-0 8. d4 Nbd7 9. Nc3 Re8 10. Re1 Qc7 11. Rc1 dxc4 12. bxc4 e5 13. d5 e4 14. Nd4 Nc5 15. Nc2 Qb6 16. Qd2 cxd5 17. cxd5 Rac8 18. Ne3 Ncd7 19. Rb1 Bc5 20. Ba1 Bxe3 21. fxe3 Qa6 22. Rb4 Rc4 23. Reb1 Rxb4 24. Rxb4 Nc5 25. h3 Bd7 26. d6 Re6 27. Rd4 Qc6 28. Nd5 Nxd5 29. Rxd5 Rg6 30. Kh2 Qc8 31. h4 Be6 32. Rd4 Qc6 33. Bc3 Bf5 34. Rd5 Be6 35. Rxc5 Qxc5 36. d7 Bxd7 37. Qxd7 Qf8 38. Qxb7 a6 39. Bd4 f5 40. Bh3 Qd6 41. Qc8+ Kf7 42. Qxf5+ Kg8 43. Qe5 Qf8 44. Qxe4 Qb8 45. Qe5 Qf8 46. Bf5 Rh6 47. e4 1-0

[Event "World Amateur-ch U2300"]
[Site "Spoleto"]
[Date "2017.04.01"]
[Round "1"]
[White "Ugrenovic, Bozidar"]
[Black "Grapsa, Georgia"]
[Result "1-0"]
[WhiteElo "2225"]
[BlackElo "2049"]
[PlyCount "45"]
[EventDate "2017.04.01"]
[EventType "swiss"]
[EventRounds "9"]
[EventCountry "ITA"]
[SourceTitle "CBM 177 Extra"]
[Source "ChessBase"]
[SourceDate "2017.04.27"]
[SourceVersion "1"]
[SourceVersionDate "2017.04.27"]
[SourceQuality "1"]

1. Nf3 Nf6 2. g3 c5 3. Bg2 g6 4. c4 Bg7 5. d4 cxd4 6. Qxd4 Nc6 7. Qh4 h6 8. Qf4 d6 9. 0-0 0-0 10. Nc3 Be6 11. b3 g5 12. Qe3 Qa5 13. Bb2 Rac8 14. Rfd1 a6 15. h4 Ng4 16. Qd2 gxh4 17. Nxh4 Qh5 18. Nd5 Bxd5 19. Bxg7 Kxg7 20. Bxd5 Nce5 21. Kg2 b5 22. Rh1 Nxf2 23. Nf5+ 1-0

[Event "Paracin-ch"]
[Site "Paracin"]
[Date "2017.02.05"]
[Round "9"]
[White "Madic, Zivko"]
[Black "Ugrenovic, Bozidar"]
[Result "0-1"]
[WhiteElo "1995"]
[BlackElo "2225"]
[PlyCount "156"]
[EventDate "2017.01.31"]
[EventType "swiss"]
[EventRounds "9"]
[EventCountry "SRB"]
[SourceTitle "CBM 176 Extra"]
[Source "ChessBase"]
[SourceDate "2017.03.02"]
[SourceVersion "1"]
[SourceVersionDate "2017.03.02"]
[SourceQuality "1"]

1. d4 Nf6 2. Nf3 c5 3. d5 e6 4. Nc3 Nxd5 5. Nxd5 exd5 6. Qxd5 Be7 7. e4 d6 8. Bb5+ Nd7 9. 0-0 0-0 10. Re1 Nb6 11. Qd1 c4 12. Nd2 Be6 13. b3 Bf6 14. Rb1 d5 15. Ba3 Be7 16. Bxe7 Qxe7 17. exd5 Nxd5 18. Ne4 cxb3 19. axb3 Rfd8 20. Qf3 Rac8 21. Bc4 b5 22. Bxb5 Rxc2 23. Bd3 Ra2 24. Qg3 h6 25. Qe5 Qb4 26. Bc4 Ra5 27. Rbd1 Qb8 28. Qd4 Qf4 29. g3 Qg4 30. Be2 Qf5 31. b4 Ra4 32. Rb1 Rb8 33. Nd6 Qg5 34. Bb5 Ra2 35. Qe5 Qxe5 36. Rxe5 Rb6 37. Bc4 Rd2 38. Bxd5 Bxd5 39. Ne4 Rd4 40. Nc3 Bf3 41. Re3 Bb7 42. b5 a6 43. f4 a5 44. Kf2 Rd2+ 45. Re2 Rd4 46. Ra2 Re6 47. Rbb2 Rd3 48. Nb1 Rf3+ 49. Kg2 Rxf4+ 50. Kh3 Rf5 51. Kh4 Re4+ 52. Kh3 g5 53. Re2 g4+ 54. Kh4 Rb4 55. Rab2 Bf3 56. Re8+ Kg7 57. Rxb4 axb4 58. b6 Rb5 59. Rb8 b3 60. Nc3 Rb4 61. b7 Rxb7 62. Rxb7 Bxb7 63. Na4 Bf3 64. h3 gxh3 65. Kxh3 Kf6 66. Kh4 h5 67. Kh3 Ke7 68. Kh2 Kd6 69. Kg1 Bc6 70. Nb2 Bb5 71. Kf2 Kc5 72. Ke3 Kb4 73. Kd2 f5 74. Nd1 Ka3 75. Kc3 Be2 76. Ne3 Ka2 77. Nc2 bxc2 78. Kxc2 Bg4 0-1

[Event "Paracin-ch"]
[Site "Paracin"]
[Date "2017.02.04"]
[Round "6"]
[White "Ugrenovic, Bozidar"]
[Black "Dimitrijevic, Nenad"]
[Result "1/2-1/2"]
[WhiteElo "2225"]
[BlackElo "2186"]
[PlyCount "31"]
[EventDate "2017.01.31"]
[EventType "swiss"]
[EventRounds "9"]
[EventCountry "SRB"]
[SourceTitle "CBM 176 Extra"]
[Source "ChessBase"]
[SourceDate "2017.03.02"]
[SourceVersion "1"]
[SourceVersionDate "2017.03.02"]
[SourceQuality "1"]

1. b3 e6 2. Bb2 Nf6 3. Nf3 b6 4. e3 Bb7 5. Be2 Be7 6. 0-0 0-0 7. c4 c5 8. d4 d6 9. Nc3 Nbd7 10. Qd2 a6 11. Rfd1 Qc7 12. Rac1 Rac8 13. Qc2 Rfe8 14. Ng5 h6 15. Nge4 Nxe4 16. Nxe4 1/2-1/2

[Event "Paracin-ch"]
[Site "Paracin"]
[Date "2017.02.02"]
[Round "4"]
[White "Ugrenovic, Bozidar"]
[Black "Mijajlovic, Jovan"]
[Result "1-0"]
[WhiteElo "2225"]
[BlackElo "1854"]
[PlyCount "109"]
[EventDate "2017.01.31"]
[EventType "swiss"]
[EventRounds "9"]
[EventCountry "SRB"]
[SourceTitle "CBM 176 Extra"]
[Source "ChessBase"]
[SourceDate "2017.03.02"]
[SourceVersion "1"]
[SourceVersionDate "2017.03.02"]
[SourceQuality "1"]

1. Nf3 c5 2. c4 e6 3. g3 Nc6 4. Bg2 g6 5. h3 Bg7 6. Nc3 a6 7. Ne4 d6 8. Neg5 f5 9. h4 Nge7 10. d3 b5 11. 0-0 Rb8 12. Rb1 h6 13. Nh3 e5 14. e3 Be6 15. cxb5 axb5 16. b3 b4 17. Bb2 0-0 18. Nd2 Qd7 19. f4 Qa7 20. Nc4 Rbd8 21. Qc2 Na5 22. Kh1 Nd5 23. Rbe1 Nc6 24. Ng1 Qc7 25. Nf3 Ra8 26. Ba1 Nc3 27. a4 e4 28. dxe4 Bxc4 29. bxc4 Nxe4 30. Rg1 Bxa1 31. Rxa1 Qg7 32. Bh3 Qc3 33. Qxc3 Nxc3 34. g4 Rxa4 35. gxf5 Kf7 36. Rxa4 Nxa4 37. Rxg6 Rd8 38. Nd2 Ne7 39. Rxh6 Kg7 40. Re6 Kf7 41. f6 Ng8 42. Ne4 b3 43. Ng5+ Kf8 44. Bf5 b2 45. Bg6 Nh6 46. Re7 Rb8 47. Ne6+ Kg8 48. Rg7+ Kh8 49. Rh7+ Kg8 50. Rxh6 b1Q+ 51. Bxb1 Rxb1+ 52. Kg2 Nb6 53. Ng5 Nxc4 54. f7+ Kg7 55. Rh7+ 1-0

[Event "Paracin-ch"]
[Site "Paracin"]
[Date "2017.02.02"]
[Round "3"]
[White "Zlatanovic, Boroljub"]
[Black "Ugrenovic, Bozidar"]
[Result "1-0"]
[WhiteElo "2408"]
[BlackElo "2225"]
[PlyCount "61"]
[EventDate "2017.01.31"]
[EventType "swiss"]
[EventRounds "9"]
[EventCountry "SRB"]
[SourceTitle "CBM 176 Extra"]
[Source "ChessBase"]
[SourceDate "2017.03.02"]
[SourceVersion "1"]
[SourceVersionDate "2017.03.02"]
[SourceQuality "1"]

1. e4 e5 2. Nc3 Nf6 3. Nf3 Bb4 4. Nxe5 0-0 5. Nd3 Bxc3 6. dxc3 Nxe4 7. Be3 Re8 8. Qh5 Nc6 9. 0-0-0 d6 10. Be2 a5 11. a3 Bd7 12. Rhe1 Rb8 13. Bf3 b5 14. Bf4 Nf6 15. Qh4 Rxe1 16. Rxe1 b4 17. axb4 axb4 18. Bxc6 Bxc6 19. Nxb4 Ba8 20. Bg5 c5 21. Bxf6 gxf6 22. Nd3 f5 23. Qh6 Rb6 24. Re3 d5 25. Rg3+ Rg6 26. Nf4 Qe7 27. Kd2 Rxg3 28. hxg3 d4 29. cxd4 cxd4 30. Nh5 f6 31. Qxf6 1-0

[Event "Paracin-ch"]
[Site "Paracin"]
[Date "2017.01.31"]
[Round "1"]
[White "Jovicic, Radisa"]
[Black "Ugrenovic, Bozidar"]
[Result "0-1"]
[WhiteElo "1688"]
[BlackElo "2225"]
[PlyCount "60"]
[EventDate "2017.01.31"]
[EventType "swiss"]
[EventRounds "9"]
[EventCountry "SRB"]
[SourceTitle "CBM 176 Extra"]
[Source "ChessBase"]
[SourceDate "2017.03.02"]
[SourceVersion "1"]
[SourceVersionDate "2017.03.02"]
[SourceQuality "1"]

1. e4 c5 2. Nf3 Nc6 3. d4 cxd4 4. Nxd4 Nf6 5. Nc3 d6 6. Bb5 Bd7 7. 0-0 g6 8. Re1 Bg7 9. Bxc6 bxc6 10. e5 dxe5 11. Rxe5 0-0 12. Bg5 Re8 13. Rc5 Rc8 14. h3 Qb6 15. Nb3 Be6 16. Be3 Red8 17. Qf3 a6 18. Ra5 Qb7 19. Rb1 Bxb3 20. axb3 Nd5 21. Rc5 Nxc3 22. bxc3 Rd5 23. Re1 e6 24. c4 Rd7 25. Rd1 Bf8 26. Ra5 Rxd1+ 27. Qxd1 Bb4 28. Rg5 Be7 29. Rg3 Rd8 30. Kf1 Rxd1+ 0-1

[Event "SRB-chT Cup"]
[Site "Kragujevac"]
[Date "2016.04.21"]
[Round "3.3"]
[White "Djordjevic, Vuk D"]
[Black "Ugrenovic, Bozidar"]
[Result "1/2-1/2"]
[WhiteElo "2410"]
[BlackElo "2192"]
[PlyCount "62"]
[EventDate "2016.04.20"]
[EventType "team-swiss"]
[EventRounds "7"]
[EventCountry "SRB"]
[SourceTitle "CBM 172 Extra"]
[Source "ChessBase"]
[SourceDate "2016.06.21"]
[SourceVersion "1"]
[SourceVersionDate "2016.06.21"]
[SourceQuality "1"]
[WhiteTeam "Paracin"]
[BlackTeam "Velika Plana Morava"]
[WhiteTeamCountry "SRB"]
[BlackTeamCountry "SRB"]

1. e4 e5 2. Nf3 Nf6 3. Nxe5 Qe7 4. Nf3 Nxe4 5. Be2 d5 6. 0-0 Qd8 7. d4 Be7 8. c4 c6 9. Nc3 Nxc3 10. bxc3 0-0 11. Bf4 Be6 12. cxd5 cxd5 13. Rb1 b6 14. Ne5 Qc8 15. Rc1 Ba3 16. Rc2 Bf5 17. Bd3 f6 18. Nf3 Nc6 19. Re2 Bxd3 20. Qxd3 Na5 21. Rfe1 Qd7 22. Nh4 Rfe8 23. Nf5 Rxe2 24. Rxe2 Re8 25. Ne3 Bf8 26. h4 b5 27. g4 Nc4 28. Nf5 Re6 29. Qf3 Rxe2 30. Qxe2 g6 31. Ng3 Kf7 1/2-1/2

[Event "SRB-chT Cup"]
[Site "Kragujevac"]
[Date "2016.04.20"]
[Round "1.5"]
[White "Stojanovic, Vladimir M"]
[Black "Ugrenovic, Bozidar"]
[Result "0-1"]
[WhiteElo "1859"]
[BlackElo "2192"]
[PlyCount "60"]
[EventDate "2016.04.20"]
[EventType "team-swiss"]
[EventRounds "7"]
[EventCountry "SRB"]
[SourceTitle "EXT 2017"]
[Source "ChessBase"]
[SourceDate "2016.10.25"]
[SourceVersion "1"]
[SourceVersionDate "2016.10.25"]
[SourceQuality "1"]
[WhiteTeam "Kragujevac Lepenica"]
[BlackTeam "Velika Plana Morava"]
[WhiteTeamCountry "SRB"]
[BlackTeamCountry "SRB"]

1. d4 Nf6 2. Nf3 c5 3. d5 b5 4. Bg5 Qb6 5. e3 g6 6. a4 bxa4 7. Bxf6 exf6 8. Nc3 d6 9. Nxa4 Qc7 10. Bb5+ Bd7 11. Qd3 Qa5+ 12. Qc3 Qxb5 13. Qxf6 Rg8 14. Ng5 Rg7 15. Ne4 Qb4+ 16. Nac3 Qb6 17. 0-0 Qc7 18. h3 a5 19. b3 Ra6 20. Qf4 Be7 21. Nf6+ Kf8 22. Nce4 Qd8 23. g4 Bc8 24. Kh2 Bxf6 25. Nxf6 Nd7 26. g5 h5 27. gxh6 Nxf6 28. hxg7+ Kxg7 29. e4 Qh8 30. Qe3 Ng4+ 0-1

[Event "SRB-ch Central"]
[Site "Kragujevac"]
[Date "2015.03.09"]
[Round "1"]
[White "Ugrenovic, Bozidar"]
[Black "Pavlovic, Milos"]
[Result "1/2-1/2"]
[WhiteElo "2194"]
[BlackElo "2482"]
[PlyCount "44"]
[EventDate "2015.03.09"]
[EventType "swiss"]
[EventRounds "9"]
[EventCountry "SRB"]
[SourceTitle "CBM 165 Extra"]
[Source "ChessBase"]
[SourceDate "2015.04.21"]
[SourceVersion "1"]
[SourceVersionDate "2015.04.21"]
[SourceQuality "1"]

1. Nf3 g6 2. c4 Bg7 3. Nc3 Nf6 4. e4 0-0 5. d4 d6 6. Be2 c5 7. 0-0 Re8 8. h3 cxd4 9. Nxd4 Nc6 10. Be3 Bd7 11. Nc2 b6 12. Qd2 Bc8 13. f4 Bb7 14. Bf3 Rc8 15. Rac1 Qc7 16. Rfd1 Qb8 17. b3 Ba8 18. Na3 Rcd8 19. Nd5 Nd7 20. Nb5 Bb7 21. Qf2 h5 22. Qg3 Kh7 1/2-1/2

[Event "Paracin-ch"]
[Site "Paracin"]
[Date "2015.01.19"]
[Round "7"]
[White "Ugrenovic, Bozidar"]
[Black "Maksimovic, Branimir"]
[Result "1/2-1/2"]
[WhiteElo "2174"]
[BlackElo "2367"]
[PlyCount "92"]
[EventDate "2015.01.15"]
[EventType "swiss"]
[EventRounds "7"]
[EventCountry "SRB"]
[SourceTitle "CBM 164 Extra"]
[Source "ChessBase"]
[SourceDate "2015.03.02"]
[SourceVersion "1"]
[SourceVersionDate "2015.03.02"]
[SourceQuality "1"]

1. Nf3 d5 2. c4 d4 3. g3 g6 4. d3 Bg7 5. Bg2 e5 6. 0-0 Ne7 7. b4 0-0 8. Bb2 a5 9. b5 c5 10. bxc6 bxc6 11. Nbd2 Na6 12. Ba3 Ra7 13. Nb3 f5 14. Rb1 Rf7 15. Qd2 a4 16. Nc5 h6 17. Nxa4 e4 18. Ne1 e3 19. fxe3 dxe3 20. Qc2 f4 21. Bxe7 Raxe7 22. gxf4 Qd4 23. c5 Be6 24. a3 Rxf4 25. Rxf4 Qxf4 26. Nf3 g5 27. Rf1 Rf7 28. Nd2 Qh4 29. Nf3 Qh5 30. Qc1 g4 31. Qxe3 gxf3 32. Qxe6 fxg2 33. Qe8+ Bf8 34. Rxf7 Qxf7 35. Qxf7+ Kxf7 36. d4 Ke6 37. Nc3 Nxc5 38. dxc5 Bxc5+ 39. Kxg2 Bxa3 40. Kf3 Ke5 41. Ne4 Bc1 42. e3 Kd5 43. h4 Ke5 44. Nf2 Kf5 45. e4+ Kg6 46. Nd3 Ba3 1/2-1/2

[Event "Paracin-ch"]
[Site "Paracin"]
[Date "2015.01.17"]
[Round "3"]
[White "Ugrenovic, Bozidar"]
[Black "Costachi, Mihnea"]
[Result "1/2-1/2"]
[WhiteElo "2174"]
[BlackElo "2329"]
[PlyCount "160"]
[EventDate "2015.01.15"]
[EventType "swiss"]
[EventRounds "7"]
[EventCountry "SRB"]
[SourceTitle "CBM 164 Extra"]
[Source "ChessBase"]
[SourceDate "2015.03.02"]
[SourceVersion "1"]
[SourceVersionDate "2015.03.02"]
[SourceQuality "1"]

1. Nf3 Nf6 2. c4 g6 3. Nc3 Bg7 4. e4 d6 5. d4 0-0 6. Be2 Nbd7 7. 0-0 e5 8. d5 Nc5 9. Qc2 a5 10. Bg5 h6 11. Be3 b6 12. Nd2 Ng4 13. Bxg4 Bxg4 14. b3 Bd7 15. a3 Na6 16. Qb2 f5 17. f3 f4 18. Bf2 Nc5 19. Qc2 Na6 20. Qb2 g5 21. b4 g4 22. c5 bxc5 23. bxc5 g3 24. hxg3 fxg3 25. Bxg3 Nxc5 26. Qc2 Qg5 27. Bh2 h5 28. Nc4 Bh6 29. Kh1 Kh8 30. Rf2 Rf7 31. Raf1 Rg8 32. Ne2 Qe7 33. f4 exf4 34. Nxf4 Bxf4 35. Rxf4 Rxf4 36. Rxf4 Rf8 37. Rxf8+ Qxf8 38. Qc3+ Kg8 39. Qf3 Qxf3 40. gxf3 a4 41. e5 Bb5 42. Nd2 dxe5 43. Bxe5 c6 44. dxc6 Bxc6 45. Kg2 Kf7 46. Bd6 Nd3 47. Kg3 Ke6 48. Bf8 Be8 49. Ne4 Ne5 50. Nc3 Bc6 51. f4 Ng6 52. Bh6 Kf5 53. Bg5 Ke6 54. Kh3 Be8 55. Ne4 Nf8 56. Ng3 Kd5 57. f5 Ke5 58. Kh4 Nd7 59. Nxh5 Bxh5 60. Kxh5 Kxf5 61. Kh4 Ne5 62. Bd8 Ke6 63. Ba5 Kd5 64. Kg3 Kc4 65. Kf4 Nc6 66. Bc7 Nd4 67. Bd6 Kb3 68. Ke4 Nb5 69. Bf8 Nxa3 70. Kd3 Nc4 71. Be7 Nb6 72. Kd2 Nd5 73. Bf8 Kb2 74. Bg7+ Kb1 75. Bf8 Kb2 76. Bg7+ Kb3 77. Bf8 Nb6 78. Kc1 Nd5 79. Kb1 Nc3+ 80. Ka1 a3 1/2-1/2

[Event "Kragujevac-ch"]
[Site "Kragujevac"]
[Date "2012.03.02"]
[Round "10"]
[White "Ugrenovic, Bozidar"]
[Black "Radovanovic, Nikola"]
[Result "0-1"]
[WhiteElo "2135"]
[BlackElo "2092"]
[PlyCount "76"]
[EventDate "2012.02.20"]
[EventType "tourn"]
[EventRounds "11"]
[EventCountry "SRB"]
[SourceTitle "EXT 2019"]
[Source "ChessBase"]
[SourceDate "2018.10.10"]
[SourceVersion "1"]
[SourceVersionDate "2018.10.10"]
[SourceQuality "1"]

1. e4 c5 2. Nf3 d6 3. c4 Bg4 4. d4 cxd4 5. Qxd4 Bxf3 6. gxf3 Nc6 7. Qd1 g6 8. Nc3 Bg7 9. Be3 Qa5 10. Qd2 Nf6 11. Nd5 Nxd5 12. cxd5 Nb4 13. Rc1 Bxb2 14. Rc4 Ba3 15. Bd4 b5 16. Rc3 0-0 17. Bh3 Na6 18. 0-0 Bc5 19. f4 Qb4 20. Rd1 Bxd4 21. Qxd4 Qxd4 22. Rxd4 Nc5 23. f5 a5 24. f4 gxf5 25. Bxf5 Kh8 26. Kf2 Rg8 27. Rh3 Rg7 28. Rh6 Ra6 29. Ke3 Rg2 30. Rd2 Rxd2 31. Kxd2 b4 32. Rxh7+ Kg8 33. Rh3 a4 34. Rg3+ Kh8 35. Rh3+ Kg7 36. e5 b3 37. Rg3+ Kf8 38. Bb1 bxa2 0-1